-
SINGH, MR. PRASHANT KUMAR & BHASIN, MR. ROHIT AND KUMAR MR. ADITYA & RAJAN, MR. NITIN
Entry Personal Name
Number of records used in: 1
001 - CONTROL NUMBER
003 - CONTROL NUMBER IDENTIFIER
005 - DATE AND TIME OF LATEST TRANSACTION
- control field:
20251124102531.0
008 - FIXED-LENGTH DATA ELEMENTS
- fixed length control field:
251124|| aca||aabn | a|a d
040 ## - CATALOGING SOURCE
- Original cataloging agency:
JRU
- Transcribing agency:
JRU
100 ## - HEADING--PERSONAL NAME
- Personal name:
SINGH, MR. PRASHANT KUMAR & BHASIN, MR. ROHIT AND KUMAR MR. ADITYA & RAJAN, MR. NITIN
670 ## - SOURCE DATA FOUND
- Source citation:
Work cat.: (JRU)8965: SINGH, MR. PRASHANT KUMAR & BHASIN, MR. ROHIT AND KUMAR MR. ADITYA & RAJAN, MR. NITIN , NOVEL DRUG DELIVERY SYSTEM[NDDS] AS PER LATEST PCI REGULATIONS FOR B PHARMA [1ST SEMESTE]R, 2025